Statistics for Countries currently sanctioned against by the United States

Click here to take the quiz!

General Stats

  • This quiz has been taken 53 times
    (19 since last reset)
  • The average score is 20 of 28

Answer Stats

Answer % Correct
Libya
100%
North Korea
100%
Iraq
100%
Syria
100%
Russia
94%
Iran
94%
Venezuela
94%
Cuba
88%
Yemen
81%
Somalia
81%
Ukraine
81%
Zimbabwe
75%
Belarus
75%
Myanmar
75%
South Sudan
69%
Lebanon
69%
Central African Republic
63%
Sudan
63%
Democratic Republic of the Congo
63%
Montenegro
56%
Serbia
56%
Bosnia and Herzegovina
50%
Kosovo
50%
Nicaragua
50%
North Macedonia
50%
Burundi
44%
Croatia
44%
Slovenia
38%

Score Distribution

Percentile by Number Answered

Percent of People with Each Score

Your Score History

You have not taken this quiz since the last reset